Escenarios de densificación de uso del suelo: efectos en el sistema de transporte del Área Metropolitana de San José
Збережено в:
| Автор: | |
|---|---|
| Формат: | Книга |
| Мова: | Spanish |
| Опубліковано: |
[San José], Costa Rica,
2013
|
| Предмети: |
TRANSPORTE URBANO - PLANIFICACION - GRAN AREA METROPOLITANA (COSTA RICA)
> MECANICA DE SUELOS - AREA METROPOLITANA DE SAN JOSE (COSTA RICA)
> URBANISMO - AREA METROPOLITANA DE SAN JOSE (COSTA RICA)
> USO DE LA TIERRA URBANA - AREA METROPOLITANA DE SAN JOSE (COSTA RICA)
> DENSIDAD URBANA
> PERMEABILIDAD DE SUELOS
> COMPACTACION
> SEGURIDAD VIAL
|
| Теги: |
Додати тег
Немає тегів, Будьте першим, хто поставить тег для цього запису!
|
MARC
| LEADER | 00000nam a22000007a 4500 | ||
|---|---|---|---|
| 003 | 011858 | ||
| 005 | 20221231143903.0 | ||
| 008 | 150318b2013 cr ab||| |||| 00| 0 spa d | ||
| 040 | |c cru CEDI | ||
| 090 | |a TFG 7026 | ||
| 100 | |9 581 |a Solano Madriz, Jorge Alberto | ||
| 245 | |a Escenarios de densificación de uso del suelo: efectos en el sistema de transporte del Área Metropolitana de San José | ||
| 260 | |a [San José], Costa Rica, |c 2013 | ||
| 500 | |a Proyecto de graduación (licenciatura en ingeniería civil)--Universidad de Costa Rica. Facultad de Ingeniería. Escuela de Ingeniería Civil | ||
| 650 | |x TRANSPORTE URBANO - PLANIFICACION - GRAN AREA METROPOLITANA (COSTA RICA) |x MECANICA DE SUELOS - AREA METROPOLITANA DE SAN JOSE (COSTA RICA) |x URBANISMO - AREA METROPOLITANA DE SAN JOSE (COSTA RICA) |x USO DE LA TIERRA URBANA - AREA METROPOLITANA DE SAN JOSE (COSTA RICA) |x DENSIDAD URBANA |x PERMEABILIDAD DE SUELOS |x COMPACTACION |x SEGURIDAD VIAL |9 582 | ||
| 942 | |c TFG | ||
| 999 | |c 13758 |d 13758 | ||
